/ مکا تیب ِ رشید جاوید (Record no. 109093)
[ view plain ]
| 000 -LEADER | |
|---|---|
| fixed length control field | 00808nam a22002537a 4500 |
| 005 - DATE AND TIME OF LATEST TRANSACTION | |
| control field | 20170123162349.0 |
| 010 ## - LIBRARY OF CONGRESS CONTROL NUMBER | |
| LC control number | A-026117 |
| 020 ## - INTERNATIONAL STANDARD BOOK NUMBER | |
| Terms of availability | 18.50 |
| 035 ## - SYSTEM CONTROL NUMBER | |
| System control number | A-026117 |
| 037 ## - SOURCE OF ACQUISITION | |
| Source of stock number/acquisition | Cen Lib/Ret |
| 040 ## - CATALOGING SOURCE | |
| Original cataloging agency | DPL |
| Language of cataloging | UR |
| 082 ## - DEWEY DECIMAL CLASSIFICATION NUMBER | |
| Classification number | 846 |
| Edition number | ص د ی |
| 100 ## - MAIN ENTRY--PERSONAL NAME | |
| Personal name | سلیمان اظهر |
| 9 (RLIN) | 135338 |
| 245 ## - TITLE STATEMENT | |
| Title | / مکا تیب ِ رشید جاوید |
| Remainder of title | |
| Statement of responsibility, etc | سلیمان اظهر |
| 246 ## - VARYING FORM OF TITLE | |
| Title proper/short title | Mukateeb-e-Rashid / |
| Remainder of title | by Suleman Azhar Jawaid |
| 260 ## - PUBLICATION, DISTRIBUTION, ETC. (IMPRINT) | |
| Place of publication, distribution, etc | حیدر آباد |
| Name of publisher, distributor, etc | نیشنل پتینٹنگ پریس |
| Date of publication, distribution, etc | 1980 |
| 270 ## - ADDRESS | |
| Address | چار کمان |
| City | حیدر آباد |
| 300 ## - PHYSICAL DESCRIPTION | |
| Extent | 336p. |
| Dimensions | 18cm(pbk) |
| 650 ## - SUBJECT ADDED ENTRY--TOPICAL TERM | |
| Topical term or geographic name as entry element | اردو فکشن |
| 9 (RLIN) | 135339 |
| 650 ## - SUBJECT ADDED ENTRY--TOPICAL TERM | |
| Topical term or geographic name as entry element | اردو خطوط |
| 9 (RLIN) | 135340 |
| 650 ## - SUBJECT ADDED ENTRY--TOPICAL TERM | |
| Topical term or geographic name as entry element | Urdu Fiction |
| 9 (RLIN) | 549 |
| 650 ## - SUBJECT ADDED ENTRY--TOPICAL TERM | |
| Topical term or geographic name as entry element | Urdu Letters |
| 9 (RLIN) | 862 |
| 942 ## - ADDED ENTRY ELEMENTS (KOHA) | |
| Source of classification or shelving scheme | Dewey Decimal Classification |
| Koha item type | Urdu Bks |
| Classification part | 846 |
| Call number suffix | ص د ی |
| Withdrawn status | Lost status | Damaged status | Not for loan | Home library | Current library | Date acquired | Source of acquisition | Cost, normal purchase price | Total Checkouts | Full call number | Barcode | Date last seen | Copy number | Cost, replacement price | Price effective from | Koha item type |
|---|---|---|---|---|---|---|---|---|---|---|---|---|---|---|---|---|
| Central Library | Central Library | 19/02/2016 | Cen Lib/Ref | 18.50 | 846 ص د ی | A-026117 | 19/02/2016 | 1 | 18.50 | 19/02/2016 | Urdu Bks |
